00817cam a2200205 a 450000100100000000500170001000800410002704000250006808200250009310000360011824501100015425000110026426000470027530000390032250400430036165000340040465100330043895201230047199900170059400001446920200929163845.0830915s1982 cl ac b 000 0 spa d aDO-SdBNPbspacBNPHU a983.306bG589c, 19821 aGodoy Urzúa, Hernán.93267813aLa cultura chilena :bensayo de síntesis y de interpretación sociológica /cHernán Godoy Urzúa. a2a ed. aSantiago de Chile :bUniversitaria,c1982. aiv, 553 p. :bil. retrs. ;c25 cm. aIncluye bibliografia (p. 537 - [554]). 4aChilexCultura popular932679 4aChilexCivilización932680 001050718MOaGRbGRcCTd2010-01-11iLF1l0o983.306 G589c, 1982p14469-10r2020-06-25w2020-06-25y1ZNo se presta c14058d14058